000 00423nam a2200169Ia 4500
005 20250508161526.0
008 008 250505s9999 xx 000 0 hin d
037 _aTextual
040 _aFEDL
_beng
_cFEDL
041 _ahin
_2eng
084 _aB, LEN
_qFEDL
245 0 _aLenin katha
260 _aMoscow
_bPragati Prakashan
_c1974
300 _a218p.
942 _cTEXL
_hB, LEN
999 _c1370534
_d1370534